[Event "Challenge"]
[Site "http://www.queenalice.com/game.php?id=1784828"]
[Date "2022.3.15"]
[Round "-"]
[White "RAFAELI"]
[Black "IMONTELO"]
[Result "1-0"]
[WhiteElo "1762"]
[BlackElo "1740"]

1. e4 e5 2. Qh5 Qf6 3. Nc3 Bc5 4. Nf3 Nc6 5. Bc4 g6 6. Qg5 h6 7. Qg3 Nb4 8. Bb3
a5 9. a3 Nc6 10. Nd5 Qd6 11. c3 Nf6 12. O-O a4 13. Ba2 Nxe4 14. Qg4 Bxf2+ 15.
Rxf2 Nxf2 16. Kxf2 Qc5+ 17. Kf1 Ne7 18. Nf6+ Kd8 19. Qe4 Qd6 20. Qxe5 Qa6+ 21.
Kg1 d6 22. Qf4 g5 23. Qe4 Bf5 24. Qe3 Bg6 25. d4 Nf5 26. Qf2 c6 27. Bd2 d5 28.
Ne5 c5 29. Nfg4 c4 30. Bb1 Qe6 31. Bc2 f6 32. Nxg6 Rg8 33. Bxf5 Qf7 34. Nxh6 Qg7
35. Ng4 Re8 36. Qf3 Ra5 37. Qg3 Ra8 38. Qd6+ Qd7 39. Qxd7# 1-0

[Event "Challenge"]
[Site "http://www.queenalice.com/game.php?id=1785157"]
[Date "2022.3.19"]
[Round "-"]
[White "RAFAELI"]
[Black "FLeicher"]
[Result "0-1"]
[WhiteElo "1777"]
[BlackElo "1933"]

1. e4 c5 2. Qh5 d6 3. Bc4 e6 4. Qf3 Nc6 5. Bb5 a6 6. Bxc6+ bxc6 7. e5 d5 8. d3
Ne7 9. Nh3 Qc7 10. Bf4 Ng6 11. Qe2 Be7 12. O-O O-O 13. Qh5 Nxf4 14. Nxf4 f6 15.
Ne2 fxe5 16. Nd2 Bd7 17. Nf3 Bf6 18. Qg4 Rab8 19. Rab1 Qc8 20. h4 Be8 21. h5 h6
22. b3 Bd7 23. Nh4 Bxh4 24. Qxh4 Qd8 25. Qg3 Rf5 26. Qh2 Qg5 27. Ng3 Rf4 28. Ne2
Rh4 29. Qg3 Rxh5 30. Qf3 Qh4 31. Qh3 Qxh3 32. gxh3 Rxh3 33. Kg2 Rh5 34. Ng3 Rg5
35. Kf3 Rf8+ 36. Ke2 Be8 37. Rh1 Bg6 38. b4 c4 39. Rhd1 c3 40. a4 Rb8 41. Rb3 d4
42. Rf1 Rg4 43. Kf3 h5 44. Rh1 Rf4+ 45. Ke2 h4 46. Nf1 Bh5+ 47. Ke1 e4 48. Rh3
Bf3 49. Nh2 exd3 50. cxd3 c2 51. Kd2 Bg2 52. Rxh4 Rxh4 53. Kxc2 Rxh2 54. Kd2 Bd5
55. Rb1 Rxf2+ 56. Ke1 Rh2 0-1

[Event "Challenge"]
[Site "http://www.queenalice.com/game.php?id=1788534"]
[Date "2022.5.10"]
[Round "-"]
[White "RAFAELI"]
[Black "victorhmpo"]
[Result "0-1"]
[WhiteElo "1751"]
[BlackElo "1915"]

1. e4 c5 2. Qh5 d6 3. Bc4 e6 4. Nf3 g6 5. Qh3 d5 6. Bd3 c4 7. Be2 b5 8. e5 Nc6
9. c3 Bg7 10. d4 a5 11. Na3 b4 12. Nb5 Bf8 13. Bg5 f6 14. exf6 Qb6 15. a4 bxa3
16. Nxa3 Qxb2 17. O-O Qxe2 18. Nb5 Kf7 19. Qg3 Nxf6 20. Qf4 Qe4 21. Qxf6+ Kg8
22. Ne5 Nxe5 23. dxe5 Qf5 24. Qd8 Bb7 25. Qf6 Qxf6 26. exf6 Kf7 27. Rfe1 Bc8 28.
Bh4 Rg8 29. Nd4 g5 30. Bg3 Bd7 31. Be5 a4 32. Re2 Ra6 33. g4 Bd6 34. Nf3 h6 35.
h3 Rb8 36. Bxd6 Rxd6 37. Ne5+ Kxf6 38. Nxd7+ Rxd7 39. Rae1 Re7 40. Ra2 Ra7 41.
Kg2 Rb3 42. Rc1 a3 43. Rcc2 e5 44. Kf3 Ke6 45. Ke2 Kd6 46. f3 Kc5 47. Kd2 d4 48.
Rc1 Rab7 49. Rcc2 d3 50. Rc1 Rb2+ 51. Rxb2 Rxb2+ 52. Kd1 a2 0-1

[Event "Challenge"]
[Site "http://www.queenalice.com/game.php?id=1788535"]
[Date "2022.5.10"]
[Round "-"]
[White "Fauquinelle"]
[Black "RAFAELI"]
[Result "1-0"]
[WhiteElo "1864"]
[BlackElo "1777"]

1. e4 e5 2. Nf3 Qe7 3. Bc4 d6 4. d4 h6 5. dxe5 dxe5 6. b3 Bg4 7. Nbd2 Nc6 8. O-O
Nd4 9. Be2 Nf6 10. Nxd4 Bd7 11. N4f3 g5 12. Bb2 Bc6 13. Bd3 Nd7 14. Nc4 f6 15.
Ne3 O-O-O 16. Qe2 a6 17. Nc4 Qg7 18. Na5 Nc5 19. Rfd1 Nxd3 20. Rxd3 Rxd3 21.
Qxd3 Bd6 22. Nxc6 bxc6 23. Qxa6+ Kd7 24. Rd1 Rb8 25. Ba3 Rb6 26. Rxd6+ cxd6 27.
Qxb6 Qg6 28. Nd2 Qh5 29. f3 Qh4 30. g3 Qh5 31. Qb7+ Ke6 32. Qxc6 1-0

[Event "Challenge"]
[Site "http://www.queenalice.com/game.php?id=1789355"]
[Date "2022.5.22"]
[Round "-"]
[White "jjjcarvalho"]
[Black "RAFAELI"]
[Result "1-0"]
[WhiteElo "1849"]
[BlackElo "1764"]

1. d4 e6 2. e4 Qe7 3. Nf3 f6 4. Nc3 c6 5. a3 g5 6. h3 h5 7. Be3 b5 8. Be2 Ba6 9.
Kd2 Qd6 10. b4 h4 11. e5 Qe7 12. g4 Bg7 13. exf6 Bxf6 14. Ne4 Bb7 15. Nxf6+ Qxf6
16. Rf1 Qg7 17. Nxg5 Nf6 18. Bd3 Nd5 19. Ne4 Nxe3 20. fxe3 Kd8 21. Nd6 Kc7 22.
Nxb7 Kxb7 23. a4 a6 24. axb5 cxb5 25. Be4+ Nc6 26. Qe2 Kc7 27. Qh2+ Kb6 28. c3
d5 29. Bd3 Rae8 30. Ra2 Nb8 31. Rfa1 Qd7 32. Rf1 Rhg8 33. Rfa1 Rg7 34. Qe5 Qc6
35. Qxg7 Rf8 36. Qxf8 Nd7 37. Rxa6+ Kb7 38. Qa8+ 1-0

[Event "Challenge"]
[Site "http://www.queenalice.com/game.php?id=1789506"]
[Date "2022.5.24"]
[Round "-"]
[White "dosoldini"]
[Black "RAFAELI"]
[Result "1-0"]
[WhiteElo "1573"]
[BlackElo "1745"]

1. d3 e5 2. e4 Bc5 3. Nf3 f6 4. Nxe5 g6 5. Ng4 h5 6. Ne3 c6 7. Qe2 Qb6 8. Nd2
Na6 9. g3 Nb4 10. a3 Na6 11. Nec4 Qc7 12. e5 f5 13. Nf3 Nh6 14. Bf4 Qd8 15. Nh4
Kf7 16. e6+ dxe6 17. Qd2 Ng4 18. Ne5+ Nxe5 19. Bxe5 Rh7 20. Nf3 Be7 21. Bf4 Nc5
22. Ne5+ Kg7 23. Qc3 Qd5 24. Nf3+ Kg8 25. Bg2 Na4 26. Qd2 Nxb2 27. O-O Qc5 28.
Bg5 Bf8 29. Bf6 Na4 30. Ng5 Rc7 31. Qf4 Bd6 32. Qd2 Be5 33. Bxe5 Qxe5 34. Rae1
Qf6 35. h4 Nc3 36. d4 Nd5 37. c4 Ne7 38. Qf4 Rd7 39. Re5 a5 40. Nxe6 Qh8 41. Qg5
Qh7 42. Qf6 Qf7 43. Qg5 Rd6 44. Nf4 Kf8 45. c5 Rxd4 46. Rfe1 Rd7 47. Re6 a4 48.
Rf6 Ra5 49. Ne6+ Ke8 50. Rxf7 Kxf7 51. Qh6 1-0

[Event "Challenge"]
[Site "http://www.queenalice.com/game.php?id=1796770"]
[Date "2022.9.23"]
[Round "-"]
[White "RAFAELI"]
[Black "Becket"]
[Result "1-0"]
[WhiteElo "1722"]
[BlackElo "1862"]

1. e4 e5 2. Qh5 d6 3. Bc4 Qe7 4. Nc3 Nf6 5. Qe2 Nc6 6. d3 a6 7. Bg5 Be6 8. Bb3
Bxb3 9. axb3 Qd8 10. Qf3 Be7 11. h4 h6 12. Bd2 Nd4 13. Qd1 Qd7 14. Nf3 Nxf3+ 15.
Qxf3 Qg4 16. O-O-O a5 17. Nd5 Qxf3 18. gxf3 Nxd5 19. exd5 b5 20. c4 bxc4 21.
dxc4 f5 22. Kc2 Kd7 23. Ra1 Bd8 24. Bxa5 c6 25. b4 cxd5 26. cxd5 Re8 27. Kc3 e4
28. fxe4 Rxe4 29. Kd3 Bxh4 30. Bb6 Rxa1 31. Rxa1 Rxb4 32. Bd4 Bf6 33. Bxf6 gxf6
34. Kc3 Rb7 35. b4 Kc7 36. Rh1 Rb8 37. Rxh6 Rf8 38. Kc4 Kb6 39. f4 Rc8+ 40. Kb3
Rf8 41. Rh7 1-0

[Event "Challenge"]
[Site "http://www.queenalice.com/game.php?id=1796771"]
[Date "2022.9.23"]
[Round "-"]
[White "RAFAELI"]
[Black "Mlintz"]
[Result "0-1"]
[WhiteElo "1744"]
[BlackElo "1890"]

1. e4 e5 2. Qh5 Qe7 3. Nc3 c6 4. Nf3 d6 5. Bc4 g6 6. Qg5 Nf6 7. h3 Bg7 8. Qe3 b5
9. Bb3 a5 10. a4 b4 11. Ng5 bxc3 12. Bxf7+ Kf8 13. bxc3 h6 14. Bxg6 hxg5 15.
Qxg5 Bb7 16. Qf5 Nd7 17. g4 Kg8 18. Ba3 c5 19. h4 Bxe4 20. Qg5 Bxg6 21. Qxg6 Qf7
22. Qf5 Nd5 23. Qe4 Rb8 24. O-O Rxh4 25. f3 N7b6 26. Rab1 Qf4 27. Qe2 Qg3+ 28.
Qg2 Qxg2+ 29. Kxg2 Nf4+ 30. Kg3 Rh3+ 31. Kf2 Kf7 32. Ke3 Nbd5+ 33. Ke4 Nf6+ 34.
Ke3 Rhh8 35. Ra1 Rh2 36. Rf2 Rxf2 37. Kxf2 e4 38. Re1 exf3 39. Kxf3 N4d5 40. d4
Nxc3 41. dxc5 dxc5 42. Bxc5 Nxa4 43. Re7+ Kg6 44. Be3 Nd5 45. Ra7 Nxe3 46. Kxe3
Bc3 47. Re7 Kg5 48. Re4 Rb4 49. Re5+ Bxe5 0-1

[Event "Challenge"]
[Site "http://www.queenalice.com/game.php?id=1797509"]
[Date "2022.10.7"]
[Round "-"]
[White "RAFAELI"]
[Black "AleLima"]
[Result "1-0"]
[WhiteElo "1691"]
[BlackElo "1862"]

1. e4 e6 2. e5 Nc6 3. Qe2 Nd4 4. Qd1 g6 5. c3 Nc6 6. Qe2 d5 7. b4 Bg7 8. f4 g5
9. d4 Bh6 10. g3 gxf4 11. gxf4 Qh4+ 12. Qf2 Qg4 13. Be2 Qf5 14. Na3 Nge7 15. Nb5
Kd7 16. Qf3 a6 17. Na3 Ng6 18. Nh3 Rg8 19. Rg1 b5 20. Bd3 Nh4 21. Qf1 Rxg1 22.
Nxg1 Qg4 23. f5 Bf4 24. Ne2 Bxh2 25. fxe6+ fxe6 26. Kd1 Nf3 27. Be3 h5 28. Kc2
h4 29. Qh1 1-0

[Event "Challenge"]
[Site "http://www.queenalice.com/game.php?id=1805190"]
[Date "2023.2.1"]
[Round "-"]
[White "Mlintz"]
[Black "RAFAELI"]
[Result "1-0"]
[WhiteElo "1906"]
[BlackElo "1699"]

1. e4 e5 2. Nf3 Qe7 3. Nc3 c6 4. d4 d6 5. dxe5 dxe5 6. a4 a6 7. Be2 h6 8. Bc4
Bg4 9. Be3 Nd7 10. Be2 Qb4 11. Bd2 Qb6 12. b3 Bc5 13. O-O Ndf6 14. a5 Qa7 15.
Na4 Bxf3 16. Bxf3 Rd8 17. Nxc5 Qxc5 18. Qc1 g5 19. Re1 h5 20. Bxg5 Rd6 21. c3 h4
22. Qc2 h3 23. g3 Nd7 24. Bc1 Rf6 25. Bg4 Nf8 26. Be3 Qe7 27. Bg5 Ne6 28. Bxf6
Nxf6 29. Bf3 O-O 30. Red1 Ng5 31. Bh1 Qc5 32. b4 Qe7 33. Rd2 Qe6 34. Rad1 Qg4
35. Rd3 Rc8 36. f3 Qh5 37. Qf2 Kg7 38. g4 Qg6 39. Rd8 Rc7 40. Qb6 Re7 41. Rb8
Nfxe4 42. Qe3 Nf6 43. Qd3 e4 44. Qe3 exf3 45. Qxe7 Qc2 46. Qd6 f2+ 47. Kf1 Ne6
48. Rxb7 Nxg4 49. Qd2 Qf5 50. Rxf7+ Kxf7 51. Qd7+ Kf6 52. Qd6 Qb5+ 53. Qd3 Ne3+
54. Ke2 Nxd1 55. Qxb5 Nxc3+ 56. Kxf2 cxb5 57. Kg3 Ng5 58. Bb7 Nce4+ 59. Kf4 Nd6
60. Bxa6 Ne6+ 61. Kg3 Ng5 62. Kf4 Nge4 63. Kg4 Ng5 64. Kg3 Kf5 65. Bb7 Nxb7 66.
a6 Nd6 67. a7 Nde4+ 68. Kh4 1-0

[Event "Challenge"]
[Site "http://www.queenalice.com/game.php?id=1806560"]
[Date "2023.2.22"]
[Round "-"]
[White "RAFAELI"]
[Black "Malukinha"]
[Result "0-1"]
[WhiteElo "1719"]
[BlackElo "1672"]

1. e4 e5 2. Qh5 Qf6 3. Nc3 Bc5 4. Nf3 Nc6 5. Nd5 Qd6 6. Bc4 g6 7. Qh3 Nf6 8. d3
Nh5 9. Qg4 Nd4 10. Nxd4 Bxd4 11. Qf3 h6 12. c3 Bc5 13. b4 Bxf2+ 14. Qxf2 c6 15.
Ne3 O-O 16. Ng4 g5 17. h4 Nf4 18. Bxf4 gxf4 19. g3 h5 20. Nh2 Qf6 21. gxf4 Qxf4
22. Rg1+ Kh7 23. Nf3 f6 24. Ke2 d6 25. Kf1 Bg4 26. Rg3 Rad8 27. Kg2 d5 28. exd5
cxd5 29. Bb3 e4 30. dxe4 dxe4 31. Nd4 Qxf2+ 32. Kxf2 f5 33. Ne6 Rd2+ 34. Ke3
Re2+ 35. Kf4 Rf2+ 36. Ke5 Re8 37. Kd6 f4 38. Ng5+ Kg7 39. Re1 e3 40. Bc4 Rd2+
41. Kc5 e2 42. Rg2 Re5+ 43. Bd5 Rexd5+ 44. Kc4 Rd1 45. Rexe2 Bxe2+ 46. Rxe2 Kf6
47. a4 Re5 48. Rg2 a6 49. Nf3 b5+ 50. axb5 axb5+ 51. Kb3 Re3 52. Nd2 Rh3 53. Kc2
Re1 54. Rg5 Re5 55. c4 bxc4 56. Nxc4 Rxg5 57. hxg5+ Kxg5 58. b5 f3 59. Ne3 f2
60. Nf1 Rh1 61. Ne3 f1=Q 62. Nxf1 Rxf1 63. Kc3 h4 64. Kc4 h3 65. b6 h2 66. Kc5
h1=Q 67. b7 Qxb7 68. Kd4 Re1 69. Kd3 Qd5+ 70. Kc3 Rc1+ 71. Kb2 Rc8 0-1

[Event "Challenge"]
[Site "http://www.queenalice.com/game.php?id=1807924"]
[Date "2023.3.15"]
[Round "-"]
[White "RAFAELI"]
[Black "Nigel68"]
[Result "0-1"]
[WhiteElo "1713"]
[BlackElo "1756"]

1. e4 e5 2. Qh5 Nc6 3. Bc4 g6 4. Qf3 Nf6 5. c3 d6 6. h3 Bg7 7. d3 Qe7 8. Bg5 Bd7
9. Na3 h6 10. Bd2 O-O-O 11. b4 Nb8 12. Qe3 b6 13. Nf3 Nh5 14. g3 g5 15. Ng1 f5
16. Qf3 Rhf8 17. Qxh5 fxe4 18. dxe4 Nc6 19. Bd5 Qf6 20. Be3 Ne7 21. Bc4 Bc6 22.
Qg4+ Kb8 23. b5 Bb7 24. Bd3 d5 25. f3 Qg6 26. Rd1 Bc8 27. exd5 Bxg4 28. Bxg6
Bxf3 29. Nxf3 Rxf3 30. Bxg5 hxg5 31. Be4 Rxc3 32. Rd3 Rc1+ 33. Rd1 Rxd1+ 34.
Kxd1 Nxd5 35. Kc2 Nb4+ 36. Kb3 Nd3 37. Re1 Nxe1 38. Bc6 Rd3+ 39. Kb4 Rxg3 40.
Bd7 e4 41. Bg4 Bf8+ 42. Kc4 Rxa3 43. Kd4 e3 44. Be2 Bc5+ 45. Ke4 Rxa2 0-1

[Event "Challenge"]
[Site "http://www.queenalice.com/game.php?id=1816552"]
[Date "2023.7.17"]
[Round "-"]
[White "Nigel68"]
[Black "RAFAELI"]
[Result "0-1"]
[WhiteElo "1770"]
[BlackElo "1690"]

1. e4 e5 2. Nf3 Qe7 3. Bc4 Nc6 4. d3 f6 5. Bxg8 Rxg8 6. Nc3 a6 7. O-O g5 8. a3
d6 9. Nd5 Qf7 10. Be3 h5 0-1

[Event "Challenge"]
[Site "http://www.queenalice.com/game.php?id=1817958"]
[Date "2023.8.3"]
[Round "-"]
[White "WLAO"]
[Black "RAFAELI"]
[Result "1-0"]
[WhiteElo "1512"]
[BlackElo "1714"]

1. e4 e5 2. Bc4 Qe7 3. d4 d6 4. d5 Nf6 5. Nc3 h6 6. Nf3 a6 7. b4 Bd7 8. Be3 Bg4
9. Be2 g5 10. O-O b5 11. a4 bxa4 12. Bxg5 Bxf3 13. Bxf6 Qxf6 14. Bxf3 Rg8 15.
Nxa4 1-0

[Event "Challenge"]
[Site "http://www.queenalice.com/game.php?id=1819557"]
[Date "2023.8.25"]
[Round "-"]
[White "RAFAELI"]
[Black "tikar15"]
[Result "1-0"]
[WhiteElo "1700"]
[BlackElo "1765"]

1. e4 e5 2. Qh5 Nc6 3. Bc4 g6 4. Qf3 Nf6 5. d3 Nd4 6. Qd1 d5 7. exd5 Nxd5 8. c3
Nf5 9. Qf3 Nb6 10. g4 Nd6 11. Be3 Nbxc4 12. dxc4 Nxc4 13. Qe2 Be6 14. Nd2 Nxb2
15. Rb1 Na4 16. Rxb7 Bd5 17. Rb5 Nxc3 18. Rxd5 Qxd5 19. Qf3 e4 20. Qf6 Qd3 21.
Qxh8 Rb8 22. Qe5+ Kd7 23. Qd4+ Bd6 24. Qxd3 exd3 25. Bxa7 Ra8 26. Bd4 Bb4 27.
Kf1 Rxa2 28. Ngf3 Ra1+ 29. Kg2 Ra2 30. Be3 Nd5 31. Nc4 Nxe3+ 32. Nxe3 Bc5 33.
Nd1 Kd6 34. Ng5 f5 35. gxf5 gxf5 36. Nxh7 Ke5 37. Ng5 f4 38. Nf3+ Kf5 39. h4 Be3
40. h5 Bc5 41. h6 Kg6 42. h7 1-0

[Event "Challenge"]
[Site "http://www.queenalice.com/game.php?id=1819558"]
[Date "2023.8.25"]
[Round "-"]
[White "RAFAELI"]
[Black "Mlintz"]
[Result "0-1"]
[WhiteElo "1709"]
[BlackElo "1888"]

1. e4 c5 2. Bc4 e6 3. Qf3 Nc6 4. c3 Ne5 5. Qe2 Nf6 6. f3 Be7 7. g4 g6 8. h4 Qc7
9. Rh3 a6 10. d3 Nc6 11. Be3 b5 12. Bb3 e5 13. h5 d6 14. hxg6 fxg6 15. a4 b4 16.
Bh6 Bf8 17. Bg5 Bg7 18. Qh2 Bb7 19. Bxf6 Bxf6 20. Bd5 O-O-O 21. Qc2 Kb8 22. Qb3
Na5 23. Qc2 Bxd5 24. exd5 Rc8 25. c4 h5 26. Nd2 Bg5 27. Ne4 Bf4 28. Qg2 h4 29.
Qc2 Bg3+ 30. Nxg3 hxg3 31. Rxg3 b3 32. Qd2 Rh1 33. Qg2 Rch8 34. Qf1 Qh7 35. Rd1
Qh4 36. Rd2 Qxg3+ 37. Qf2 Rxg1+ 0-1

[Event "Challenge"]
[Site "http://www.queenalice.com/game.php?id=1822702"]
[Date "2023.10.9"]
[Round "-"]
[White "Mr_SPOCK"]
[Black "RAFAELI"]
[Result "0-1"]
[WhiteElo "1737"]
[BlackElo "1701"]

1. e4 e5 2. Qh5 Qe7 3. d3 Nf6 4. Qe2 Nc6 5. Bg5 h6 6. Bh4 g5 7. Bg3 Qc5 8. Nc3
Nd4 9. Qd2 d6 10. Be2 Bd7 11. a3 a5 12. a4 c6 13. Nf3 Ne6 14. O-O Qb6 15. b3 Be7
16. Rab1 Qd8 17. d4 Ng4 18. d5 Nf4 19. Bxf4 gxf4 20. Na2 h5 21. c4 h4 22. h3 Nf6
23. Ng5 Rg8 24. Bg4 Rxg5 25. f3 Bxg4 26. fxg4 Nxe4 27. Qd3 Nf6 28. Nc3 Qb6+ 29.
Kh2 Kd7 30. Rb2 Rag8 31. Rff2 Qb4 32. dxc6+ bxc6 33. Rfc2 Qb6 34. Na2 e4 35. Qd1
c5 36. Nc3 Qc6 37. b4 axb4 38. Nb5 e3 39. Qe2 Ne4 40. a5 Ra8 41. Rxb4 cxb4 42.
Nd4 Qc5 43. Nb3 Qe5 44. Kg1 Nc3 45. Qf3 Ne4 46. c5 Rc8 47. a6 Rgg8 48. a7 Ra8
49. c6+ Kc7 50. Qe2 Rxa7 51. Qc4 f3 52. gxf3 Qg3+ 53. Kf1 Qxf3+ 54. Ke1 Qh1+ 55.
Ke2 Nc3+ 56. Kxe3 Qxh3+ 57. Kd4 Rxg4# 0-1

[Event "Challenge"]
[Site "http://www.queenalice.com/game.php?id=1823332"]
[Date "2023.10.19"]
[Round "-"]
[White "Mlintz"]
[Black "RAFAELI"]
[Result "0-1"]
[WhiteElo "1757"]
[BlackElo "1718"]

1. e4 e5 2. Nf3 Qe7 3. b3 Nc6 4. Bb2 d6 5. Nc3 Bg4 6. Bc4 Nd4 7. Bd3 c6 8. Be2
Nf6 9. O-O h5 10. a4 h4 11. d3 h3 12. g3 Nh5 13. Na2 Bxf3 14. Bxf3 Nxf3+ 15.
Qxf3 Nf6 16. c4 g5 17. d4 Bg7 18. dxe5 dxe5 19. Rfd1 O-O 20. Qe2 Qc5 21. b4 Qe7
22. c5 Rad8 23. Nc3 Rxd1+ 24. Rxd1 g4 25. Rd3 Rd8 26. Rxd8+ Qxd8 27. a5 a6 28.
f3 Qd7 29. Na4 Qe6 30. fxg4 Nxg4 31. Nb6 Nf6 32. Nc4 Nd7 33. Nd6 Qb3 34. Qd2 Qf3
35. Qf2 Qb3 36. Qd2 f6 37. Nxb7 Qf3 38. Nd6 Nf8 39. Bc1 Ne6 40. Qe1 Qg2# 0-1

[Event "Challenge"]
[Site "http://www.queenalice.com/game.php?id=1827752"]
[Date "2023.12.21"]
[Round "-"]
[White "RAFAELI"]
[Black "Mr_SPOCK"]
[Result "1-0"]
[WhiteElo "1736"]
[BlackElo "1637"]

1. e4 e5 2. Qh5 Nc6 3. Bc4 Nh6 4. d3 g6 5. Qf3 d5 6. Bxh6 Bxh6 7. Bxd5 Rf8 8. h4
Nd4 9. Qd1 c6 10. Bb3 f5 11. Nc3 f4 12. f3 g5 13. h5 b5 14. Nge2 b4 15. Na4 g4
16. Ng1 gxf3 17. gxf3 a5 18. Nc5 Ra7 19. c3 Nb5 20. cxb4 axb4 21. Qc2 Nd4 22.
Qc4 Qa5 23. Kf2 Bg5 24. Ne2 Nxb3 25. axb3 Bh4+ 26. Kg2 Rg7+ 27. Kh2 Bg3+ 28.
Nxg3 fxg3+ 29. Kg2 Qc7 30. Raf1 Qe7 31. Qxb4 Qa7 32. Qc3 Rg5 33. Ra1 Ba6 34.
Rxa6 Rxf3 35. Rxa7 Rf2+ 36. Kh3 g2 37. Rg1 Rf3+ 38. Kh4 Rfg3 39. Ra8+ Kf7 40.
Qc4+ Kg7 41. Rg8+ Kh6 42. Qe6+ Rg6 43. hxg6 Rxg6 44. Rxg6+ hxg6 45. Rxg2 Kh7 46.
Qxg6+ Kh8 47. Qg7# 1-0

[Event "Challenge"]
[Site "http://www.queenalice.com/game.php?id=1831916"]
[Date "2024.2.19"]
[Round "-"]
[White "Mr_SPOCK"]
[Black "RAFAELI"]
[Result "0-1"]
[WhiteElo "1547"]
[BlackElo "1748"]

1. e4 e5 2. Nf3 Nc6 3. Bc4 d6 4. d3 Bg4 5. Nc3 a6 6. Nxe5 Nxe5 7. f3 Bh5 8. g4
Bg6 9. d4 Nxc4 10. h4 h5 11. Bg5 f6 12. Bf4 Qe7 13. O-O hxg4 14. Qe1 Qd7 15. Qg3
Nh6 16. e5 O-O-O 17. b3 Nb6 18. a4 Bxc2 19. b4 Bf5 20. a5 Nc4 21. Nd5 dxe5 22.
Nxc7 exf4 23. Qg2 Qxc7 24. Qf2 Kb8 25. Rab1 Bxb1 26. Rxb1 gxf3 27. Rc1 Bxb4 28.
h5 Rxd4 29. Qxf3 Qc5 30. Kg2 Qg5+ 31. Kh3 Rhd8 32. Kh2 Rd2+ 33. Kh1 Qh4+ 34. Kg1
Bc5+ 35. Kf1 Ne3+ 36. Kg1 Neg4+ 37. Rxc5 Qh2+ 38. Kf1 Ne3+ 39. Ke1 Qg1+ 40. Qf1
Qxf1# 0-1